Vah ülkem vah (Record no. 10552)

MARC details
000 -BAŞLIK
Sabit Uzunlukta Kontrol Alanı 00634na a2200229 4500
001 - KONTROL NUMARASI
Denetim Alanı 23987
003 - KONTROL NUMARASI IDENTIFIER
Denetim Alanı MIRAKIL
005 - SON İŞLEM TARİHİ VE ZAMANI
Denetim Alanı 20181213155325.0
008 - SABİT-BOY VERİ ELEMANLARI - GENEL BİLGİLER
Sabit Uzunlukta Kontrol Alanı 180207b tu 000 0
020 ## - ULUSLARARASI STANDART KİTAP NUMARASI
Uluslararası Standart Kitap Numarası 9786059350518
040 ## - KATALOGLAMA KAYNAK
Orijinal Kataloglama Ajansı Milas
Kataloglama Dili tur
Metne Dönüştürmek Ajansı TR-AnCHP
041 ## - DİL KODU
Metin / Ses Parça Veya Ayrı Başlığın Dil Kodu tur
082 ## - DEWEY ONLU SINIFLANDIRMA NUMARASI
Sınıflandırma Numarası 320.9561
Ürün Numarası D95v 2016
090 ## - SINIFLAMA NUMARASI
Sınıflama Numarası 320.9561 D95v 2016
100 ## - ANA GİRİŞ - KİŞİSEL İSİM
Kişisel Ad Dündar, Uğur
245 ## - BAŞLIK TABLOSU
Başlık Vah ülkem vah
Sorumluluk Tablosu, Vb Uğur Dündar
260 ## - YAYIN, DAĞITIM, VB
Yayın, Dağıtım, Vb Yeri İstanbul
Yayıncı, Dağıtıcı, Vs Adı Halk kitabevi
Yayın, Dağıtım, Vb Tarihi 2016
Üretici Firma Alioğlu matbaacılık
300 ## - FİZİKSEL TANIM
Kapsam 240 s.
Boyutlar 21 sm.
650 ## - KONU KATMA GİRİŞ - TOPİKAL DÖNEM
Topikal Süreli Veya Coğrafi Ad Giriş Elemanı Siyaset
Genel Alt Bölümü Eleştiriler ve yorumlar
650 ## - KONU KATMA GİRİŞ - TOPİKAL DÖNEM
Topikal Süreli Veya Coğrafi Ad Giriş Elemanı Siyaset ve yönetim
Genel Alt Bölümü Türkiye
942 ## - EKLENDİ GİRİŞ ELEMANLARI (KOHA)
Sınıflandırma Veya Raf Düzeni Kaynak Dewey Decimal Classification
Koha Öğesi Türü Books
999 ## - SİSTEM KONTROL NUMARALARI (KOHA)
Koha Biblionumber 10552
Koha Biblioitemnumber 10552
Holdings
Kalıcı Konum Mevcut Konum Edinme Tarihi Edinim Kaynak Toplam Check-Out'Lar Tam Çağrı Numarası Barkod Tarih Son Görülme İtibaren Geçerli Fiyatlar Koha Öğesi Türü
CHP Kütüphanesi CHP Kütüphanesi 02/07/2018 Bağış   320.9561 D95v 2016 017983 02/07/2018 02/07/2018 Books